| 000 | 00399nam a2200121Ia 4500 | ||
|---|---|---|---|
| 008 | 241028s9999 xx 000 0 und d | ||
| 041 | _aeng | ||
| 082 | _a005.54 SAR | ||
| 100 | _aSarka, Dejan | ||
| 245 | _aAdvanced Analytics with Power BI and Excel: Learn Powerful Visualization and Data Analysis Techniques Using Microsoft BI | ||
| 260 |
_bOrangeava.Com _aNew Dehli _c2023 |
||
| 300 | _a329;. P. 23 cm | ||
| 999 |
_c43111 _d43111 |
||